LEADER 01731nam2 2200373 i 450 001 VAN0124416 005 20230518123507.523 017 70$2N$a9783319491240 100 $a20191016d2017 |0itac50 ba 101 $aeng 102 $aCH 105 $a|||| ||||| 200 0 $a2$fWilliam Lubell editor 210 $aCham$cSpringer$d2017 215 $aXIII, 256 p.$cill.$d24 cm 410 1$1001VAN0123329$12001 $aTopics in Heterocyclic Chemistry$1210 $aCham$cSpringer$v49 461 1$1001VAN0123682$12001 $aPeptidomimetics$fWilliam D. Lubell editor$1210 $aCham$cSpringer$d2017$1215 $avoll.$d24 cm$v2 620 $aCH$dCham$3VANL001889 676 $a660.63$cBiochimica industriale. Ingegneria biochimica$v22 676 $a540$cChimica generale$v22 676 $a547$cChimica organica$v22 676 $a615.19$cChimica farmaceutica. Tecnologia farmaceutica. Chimica medica$v22 702 1$aLubell$bWilliam D.$3VANV095145 712 $aSpringer $3VANV108073$4650 790 1$aLubell, W. D.$zLubell, William D.$3VANV103566 790 1$aLubell, W.D.$zLubell, William D.$3VANV212370 801 $aIT$bSOL$c20240614$gRICA 856 4 $uhttp://link.springer.com/openurl?genre=book&isbn=978-3-319-49124-0$zE-book - Accesso al full-text attraverso riconoscimento IP di Ateneo, proxy e/o Shibboleth 899 $aBIBLIOTECA DEL DIPARTIMENTO DI SCIENZE E TECNOLOGIE AMBIENTALI BIOLOGICHE E FARMACEUTICHE$1IT-CE0101$2VAN17 912 $fN 912 $aVAN0124416 950 $aBIBLIOTECA DEL DIPARTIMENTO DI SCIENZE E TECNOLOGIE AMBIENTALI BIOLOGICHE E FARMACEUTICHE$d17CONS e-book 2111 $e17BIB2111/283 283 20191016 996 $a2$961340 997 $aUNICAMPANIA LEADER 02983oam 2200865 c 450 001 9910413346303321 005 20260302090207.0 010 $a3-8309-8712-9 024 3 $a9783830987123 035 $a(CKB)4910000000017774 035 $a(Waxmann)9783830987123 035 $a(oapen)https://directory.doabooks.org/handle/20.500.12854/54133 035 $a(oapen)doab54133 035 $a(EXLCZ)994910000000017774 100 $a20260302d2018 uy 0 101 0 $ager 135 $aurnnunnnannuu 181 $ctxt$2rdacontent 182 $cc$2rdamedia 183 $acr$2rdacarrier 200 00$aMusik und Migration /$fWolfgang Gratzer, Nils Grosch 205 $a1st, New ed. 210 $aMünster$cWaxmann$d2018 215 $a1 online resource (288 p.) 225 0 $aMusik und Migration$v1 311 08$a3-8309-3712-1 330 $aMigration wird von der Salzburger Forschungsinitiative Musik und Migration als Sammelbegriff für verschiedene Wanderungshandlungen (u.a. Arbeits-, Bildungs- und Fluchtmigration) verstanden. Diese sind ? in unterschiedlicher Ausprägung ? für alle Zeiträume menschlicher Existenz dokumentierbar. Migrationsforschung erweist sich als interdisziplinär relevantes Wissenschaftsfeld, zu deren Erschließung die Musikwissenschaften substanziell beitragen können. Die hierfür maßgeblichen methodischen Entscheidungen bieten Herausforderungen, die es anzunehmen gilt. Der vorliegende Band enthält Diskussionsbeiträge in Form theoretischer und methodischer Überlegungen sowie Hinweise auf Fallbeispiele musikwissenschaftlicher Migrationsforschung. 606 $aMusikwissenschaft 606 $atranskulturell 606 $acultural mobility 606 $aAlfred Einstein 606 $aShanghai 606 $aOstasien 606 $aMigrationsforschung 606 $aLateinamerika 606 $aAfrika 606 $aTanz 606 $aArabs Got Talent 606 $aIdentität 606 $aBarock 606 $aWien 606 $aoperisti 606 $aMarianne Pirker 606 $aitaliensische Oper 606 $aHugo Riesenfeld 606 $aStummfilm 606 $aFranz Waxman 615 4$aMusikwissenschaft 615 4$atranskulturell 615 4$acultural mobility 615 4$aAlfred Einstein 615 4$aShanghai 615 4$aOstasien 615 4$aMigrationsforschung 615 4$aLateinamerika 615 4$aAfrika 615 4$aTanz 615 4$aArabs Got Talent 615 4$aIdentität 615 4$aBarock 615 4$aWien 615 4$aoperisti 615 4$aMarianne Pirker 615 4$aitaliensische Oper 615 4$aHugo Riesenfeld 615 4$aStummfilm 615 4$aFranz Waxman 702 $aGratzer$b Wolfgang$4edt 702 $aGrosch$b Nils$4edt 801 0$bWaxmann 801 1$bWaxmann 906 $aBOOK 912 $a9910413346303321 996 $aMusik und Migration$92252330 997 $aUNINA